La d'argila / (Record no. 32784)

MARC details
000 -LEADER
campo de control de longitud fija 00569nam a2200193 i 4500
001 - NÚMERO DE CONTROL
campo de control 32784
003 - IDENTIFICADOR DE NÚMERO DE CONTROL
campo de control ES-MaACL
005 - FECHA Y HORA DE LA ÚLTIMA TRANSACCIÓN
campo de control 20230906154632.0
007 - CAMPO FIJO DE DESCRIPCIÓN FÍSICA--INFORMACIÓN GENERAL
campo de control de longitud fija t|
008 - DATOS DE LONGITUD FIJA--INFORMACIÓN GENERAL
campo de control de longitud fija 030131s1959 sp ||||1| cat d
100 1# - ENTRADA PRINCIPAL--NOMBRE DE PERSONA
Nombre de persona Bertrana, Aurora.
9 (RLIN) 28513
245 13 - MENCIÓN DEL TÍTULO
Título La d'argila /
Mención de responsabilidad, etc. Aurora Bertrana.
260 ## - PUBLICACIÓN, DISTRIBUCIÓN, ETC.
Lugar de publicación, distribución, etc. Barcelona :
Nombre del editor, distribuidor, etc. Rolberti,
Fecha de publicación, distribución, etc. [1959] (
Lugar de fabricación/manufactura Gerona :
Fabricante Industries Litografiques)
300 ## - DESCRIPCIÓN FÍSICA
Extensión 156 p. ;
Dimensiones 16 cm.
490 1# - MENCIÓN DE SERIE
Mención de serie Nova Col. lletres ;
Designación de volumen o secuencia 47
830 0# - PUNTO DE ACCESO ADICIONAL DE SERIE-TÍTULO UNIFORME
Título uniforme Nova Col. lletres ;
Designación de volumen o secuencia 47
9 (RLIN) 181453
852 ## - LOCALIZACIÓN
Ubicación ES-MaACL
Número de control de estantería C-18136
Sublocalización o colección R.44283
Holdings
Estatus retirado Estado de pérdida Estado de daño No para préstamo Biblioteca de origen Biblioteca actual Ubicación en estantería Fecha de adquisición Fuente de adquisición Total de préstamos Signatura topográfica completa Código de barras Visto por última vez Precio de reemplazo Tipo de ítem Koha
        Biblioteca del Ateneo de Madrid Biblioteca del Ateneo de Madrid Galería 17/01/2008     C-18136 1034016 23/02/2023 23/02/2023 Libro impreso